The tangy taste of indian politics and beyond / (Record no. 148092)

MARC details
000 -LEADER
fixed length control field 00580nam a22001817a 4500
005 - DATE AND TIME OF LATEST TRANSACTION
control field 20171220152916.0
010 ## - LCCN (DPL NO)
LC control number ENG-121927
020 ## - INTERNATIONAL STANDARD BOOK NUMBER
International Standard Book Number 9788122007947
Terms of availability 795.00
035 ## - SYSTEM CONTROL NUMBER
System control number EN-105459
037 ## - SOURCE OF ACQUISITION
Source of stock number/acquisition DBAD/PUB
082 ## - DEWEY DECIMAL CLASSIFICATION NUMBER
Classification number 320.954
100 ## - MAIN ENTRY--PERSONAL NAME
Personal name Singh, N.K.
245 ## - TITLE STATEMENT
Title The tangy taste of indian politics and beyond /
Statement of responsibility, etc by N.K. Singh
260 ## - PUBLICATION, DISTRIBUTION, ETC. (IMPRINT)
Place of publication, distribution, etc New Delhi
Name of publisher, distributor, etc Konark Publishers Pvt. Ltd.
Date of publication, distribution, etc 2011
270 ## - ADDRESS
Address 206,First Floor,Peacock Lane, Shahpur Jat,
City New Delhi
Postal code 110049
300 ## - PHYSICAL DESCRIPTION
Extent x,424p.
Dimensions 24cm(hb.)
Other physical details Col.Photos
942 ## - ADDED ENTRY ELEMENTS (KOHA)
Source of classification or shelving scheme Dewey Decimal Classification
Item type English Books
Classification part 320.954
Call number suffix SIN
Holdings
Withdrawn status Lost status Not for loan Collection code Home library Current library Date acquired Source of acquisition Cost, normal purchase price Full call number Barcode Copy number Cost, replacement price Koha item type
    Not For Loan Non-fiction D.B.Act.Division Bawana 20/12/2017 DBAD/PUB 795.00 320.954 SIN EN-105459 1 795.00 English Books

© Delhi Public Library
Hit Counter
free hit counter